header

Advancing with the army (Record no. 22260)

MARC details
000 -LEADER
fixed length control field 01648nam a2200385 a 4500
082 04 - DEWEY DECIMAL CLASSIFICATION NUMBER
Classification number 616.9/8023094109034
245 00 - TITLE STATEMENT
Title Advancing with the army
260 ## - PUBLICATION, DISTRIBUTION, ETC. (IMPRINT)
Place of publication Oxford ;
-- New York :
Name of publisher Oxford University Press,
Year of publication 2006.
300 ## - PHYSICAL DESCRIPTION
Number of Pages xv, 393 p. :
Other physical details ill.
650 #0 - SUBJECT ADDED ENTRY--TOPICAL TERM
Topical Term Medicine, Military
Topical Term Social mobility
Topical Term Physicians
Topical Term Napoleonic Wars, 1800-1815
700 1# - ADDED ENTRY--PERSONAL NAME
Personal name Ackroyd, Marcus.
856 40 - ELECTRONIC LOCATION AND ACCESS
Uniform Resource Identifier http://site.ebrary.com/lib/rucke/Doc?id=10271565

No items available.

© 2026 Rongo University
Contact us: librarian | system librarian | Rongo university